Ley para el fomento económico del Estado de Jalisco = Investment promotion law for the State of Jalisco /

Shranjeno v:
Bibliografske podrobnosti
Korporativna značnica: Jalisco. Secretaría de Promoción Económica
Format: Knjiga
Jezik:španščina
Teme:
Oznake: Označite
Brez oznak, prvi označite!

MARC

LEADER 00000nam^a2200000^a^4500
001 000063902
005 20250521000000.0
009 20260310091043.738
037 |a Acervo ITESO - Biblioteca 
041 |a ESP 
082 |a 330. 972350640  |b JAL 
110 |a Jalisco.  |b Secretaría de Promoción Económica 
240 1 1 |a [Ley para el Fomento de Económico del Estado de Jalisco] 
245 1 0 |a Ley para el fomento económico del Estado de Jalisco =  |b Investment promotion law for the State of Jalisco /  |c Secretaría de Promoción Económica. 
264 |a Guadalajara, México :  |b Gobierno del Estado de Jalisco :  |b Consejo Jalisciense de Inversión,  |c 1985 
300 |a 21, 21 p. 
336 |a texto  |b txt  |2 rdacontenido 
337 |a sin mediación  |b n  |2 rdamedio 
338 |a volumen  |b nc  |2 rdasoporte 
546 |a Edición bilingüe español-inglés 
649 |a XX 
650 |a Desarrollo Económico-Social -  |z Jalisco 
650 |a Inversiones -  |z Jalisco -  |x Leyes y Reglamentos 
650 |a Política Económica 
650 |a Economía 
910 |a Fondo General 
920 |a Impresos - Libros 
930 |a Colección General 
905 |a 101 
901 |a 0500017858  |b IT1  |c ACC  |u 20250521 
902 |a https://opac.biblio.iteso.mx/vufind/Record/000063902